000 01711cam a22003254a 4500
001 4794166
005 20220326193306.0
008 031016s2003 nq a c 000 0 spa
010 _a 2003554648
020 _a9992484101
035 _a(OCoLC)53477262
035 _a(OCoLC)ocm53477262
035 _a(NNC)4794166
040 _aDLC
_cDLC
042 _apcc
043 _acl-----
_ae------
_ancnq---
082 _a709.728.5
_bF981d
100 1 _aTorres, María Dolores G.
_91581
245 1 0 _aDel arte occidental al arte nicaragüense /
_cMaría Dolores G. Torres.
260 _aLeón, Nicaragua :
_bCentro de Arte, Fundación Ortíz-Gurdián :
_bCasa Norberto Ramírez,
_c2003.
300 _a280 p. :
_bill. (chiefly col.) ;
_c31 cm.
505 _tPrologo
_rJuanita Bermudez
_tCapitulo 1 : Casa Museo y su historia
_tcapitulo 2: sala II pintura europea del siglo XV y XVIII
_tcapitulo 3: sala III pintura europea XVII y XVIII
_tcapitulo 4: sala IV: sala IV el retrato europeo del siglo XVIII
_tcapitulo 5: sala V pintura religiosa en el nuevo mundo
_tcapitulo 6: sala VI movimiento de vanguardia europeo
_tcapitulo 7: Corredor I mestizaje cultural del continente americano
_tcapitulo 8: Corredor II arte latinoamericano del siglo XX
_tcapitulo 10: Corredor III arte contemporáneo nicaragüense . Las bienales de la fundación Ortiz - Gurdian
610 2 0 _aFundación Ortíz-Gurdián
_xArt collections
_vCatalogs.
_91754
650 0 _aArt, Latin American
_vCatalogs.
_91755
650 0 _aArt, European
_vCatalogs.
_91756
650 0 _aArt
_xPrivate collections
_zNicaragua
_vCatalogs.
_91757
710 2 _aCentro de Arte (León, Nicaragua)
_91758
710 2 _aFundación Ortíz-Gurdián.
_91759
999 _c370
_d370